American History by Letter - B - Statistics

General Stats
  • This quiz has been taken 583 times
  • The average score is 7 of 15
Answer Stats
Question Answer % Correct
City notable for a tea party and a massacre Boston
100%
President during the 9/11 attacks Bush
97%
Abraham Lincoln's assasin Booth
91%
These are the first ten amendments to the Constitution Bill of Rights
77%
American's took heavy casualties in the last major offensive by Germany in WW2 Battle of the {Bulge}
76%
Politician who killed Alexander Hamilton in a duel Burr
74%
"Lame duck" president who did nothing to stop secession Buchanan
65%
Founder of the famous circus Barnum
63%
Politician who gave the "Cross of Gold" speech Bryan
20%
Rutherford B. Hayes' middle name Birchard
10%
Advocate of women's rights who urged women to become teachers Beecher
9%
Charles Sumner was beaten with a cane by this "bully" Brooks
9%
Site of major victory against Santa Anna in Mexican-American War by General Taylor Buena Vista
6%
President of the Second Bank of the United States Biddle
5%
Boat seized by Spain following failed invasion by the U.S. Black Warrior
1%
No matching quizzes found
Score Distribution
Percent of People with Each Score
Percentile by Number Answered
Your Score History
You have not taken this quiz